Responses for Show #2268 - Wednesday, June 15, 1994

Contestants

[<< previous game]

Ann Greiner, a retired naval officer originally from Columbus, Ohio

Roger Solberg, a college professor from Edinboro, Pennsylvania

Richard Showstack, a writer and teacher from Newport Beach, California (whose 1-day cash winnings total $12,500)

[next game >>]

Jeopardy! Round responses

THE 1900s
THE GOLDEN GLOBE AWARDS
NEWSPAPERS
ANATOMY
LEFTOVERS
ANCIENT WISDOM
    $100 19
Pope

Ann
    $100 3
Angela Lansbury

Roger
    $100 1
(Roger: What is the Deseret News?)

Salt Lake City

RichardRoger
    $100 8
the brain

Roger
    $100 13
an ostrich

Richard
    $100 26
the yolk

Ann
    $200 20
Sicily

Roger
    $200 4
Ann-Margret

Roger
    $200 2
tabloids

Roger
    $200 9
the Achilles tendon

Roger
    $200 14
an inauguration

Richard
    $200 27
to err is human

Ann
    $300 21
an observatory

Roger
    $300 5
Bette Midler

Roger
    $300 16
the Miami Herald

Richard
    $300 10
the larynx

Roger
    $300 15
Mount Vernon

Richard
    $300 28
Aesop

Ann
    $400 22
Sweden

Roger
    $400 6
Melanie Griffith

Roger
    $400 17
Canada

Roger
    $400 11
the tongue

Richard
    $400 24
fluctuate

Richard
    $800 29
(Ann: What is epic poetry?)
(Alex: I don't think we can give you a correct on that. He said it just about [*], not epic poetry. And there is, as you know, a distinction between the two. So we're going to have to charge you on that.)

poetry

Ann
    $500 23
Ireland

Ann
    $500 7
[Applause for Roger's run of the category]

De Mille

Roger
    $500 18
the Register

Roger
    $500 12
ball-and-socket

Ann
    $500 25
veldt

Roger
    $500 30
time

Roger

Scores at the first commercial break (after clue 15):

Richard Roger Ann
$1,100 $2,200 $500

Scores at the end of the Jeopardy! Round:

Richard Roger Ann
$1,800 $5,000 $900

Double Jeopardy! Round responses

THE 50 STATES
COMPOSERS
SAINTS
FOODS OF THE WORLD
THE CIVIL WAR
PRINCELY NICKNAMES
    $200 6
Michigan

Ann
    $200 1
Munich

Richard
    $200 21
St. George

Ann
    $200 26
brine

Roger
    $200 8
Lee

Richard
    $200 16
Motown

Richard
    $400 7
New York

Roger
    $400 2
World War II

Richard
    $400 22
St. Patrick

Roger
    $400 27
Guy Fawkes Day

Richard
    $400 12
Mobile Bay

Richard
    $400 17
George M. Cohan

Roger
    $600 9
Nevada

Triple Stumper
    $600 3
(Roger: Who is Mozart?)

Ludwig von Beethoven

RichardRoger
    $600 23
Galileo

Richard
    $600 30
the Romanovs

Roger
    $600 13
South Carolina

Roger
    $600 18
Jack London

Roger
    $800 10
(Richard: What's Maryland?)
(Ann: What is West Virginia?)
(Roger: What is New Jersey?)

Delaware

RichardRogerAnn
Triple Stumper
    $800 4
Thomas Wolfe

Triple Stumper
    $800 24
(Ann: What is Greece?)

the Byzantine Empire

RogerAnn
    $800 29
Rome

Richard
    $800 14
(Richard: What is Chancellorsville?)

Andersonville

RichardRoger
    $800 19
(Roger: Who's Booth?)
(Alex: Be more specific.)

Edwin Booth

Roger
    $1000 11
(Richard: What's South Dakota?)

North Dakota

Richard
Triple Stumper
    $1000 5
Gertrude Stein

Triple Stumper
    $2,000 25
(Roger: Who is Roswitha?)

St. Teresa

Roger
    $1000 28
Greece

Richard
    $1,500 15
(Roger: I don't know.)

Hampton Roads

Roger
    $1000 20
Machiavelli

Roger

Scores at the end of the Double Jeopardy! Round:

Richard Roger Ann
$4,000 $6,700 -$300

[wagering suggestions for these scores]

Final Jeopardy! Round responses

BOOKS & AUTHORS
RichardWhat is Profiles in Courage?
$4,000
RogerWhat is Profiles in Courage?
$1,301
Why England Slept

Final scores:

Richard Roger Ann
$0 $5,399 -$300
2nd place: "Cosmic Dawn" by Nan Rae + Sanyo stereo system New champion: $5,399 3rd place: Wallace Silversmiths candelabra + Wheel of Fortune & Jeopardy! games for the Super Nintendo & Sega Genesis

Game dynamics:

Coryat scores:

Richard Roger Ann
$4,000 $10,200 $500
17 R,
3 W
27 R,
5 W
(including 2 DDs)
8 R,
3 W
(including 1 DD)

Combined Coryat: $14,700

[game clues] [game scores] [suggest correction]

Game tape date: 1994-02-07
The J! Archive is created by fans, for fans. Scraping, republication, monetization, and malicious use prohibited; this site may use cookies and collect identifying information. See terms. The Jeopardy! game show and all elements thereof, including but not limited to copyright and trademark thereto, are the property of Jeopardy Productions, Inc. and are protected under law. This website is not affiliated with, sponsored by, or operated by Jeopardy Productions, Inc. Join the discussion at JBoard.tv.